[Event "X Torneo Banco di Roma A"]
[Site "Roma ITA"]
[Date "1986.02.??"]
[Round "1"]
[White "Bukal, Vladimir sr"]
[Black "Hernandez Onna, Roman"]
[WhiteElo "2465"]
[BlackElo "2450"]
[Result "1-0"]
[PlyCount "66"]
[EventDate "1986.02.15"]

1. c4 c5 2. Nc3 g6 3. g3 Bg7 4. Bg2 Nc6 5. e3 d6 6. Nge2 h5 7. h3 h4 8. g4 f5
9. gxf5 Bxf5 10. e4 Bd7 11. d3 Nf6 12. Be3 Nh5 13. Qd2 Nd4 14. Bg5 Ne6 15. Bf3
Nf6 16. Be3 Kf7 17. Rg1 Rb8 18. Rd1 b5 19. cxb5 Qa5 20. d4 cxd4 21. Nxd4 Nxd4
22. Bxd4 Bh6 23. Be3 Bxe3 24. fxe3 Bxh3 25. Qh2 Be6 26. e5 dxe5 27. Qxe5 h3 28.
Rd2 Qb4 29. Ne4 Rhd8 30. a3 h2 31. Rh1 Qa5 32. Ng5+ Ke8 33. b4 33... Qxa3 $136
1-0

[Event "X Torneo Banco di Roma A"]
[Site "Roma ITA"]
[Date "1986.02.??"]
[Round "1"]
[White "Kirov, Nino"]
[Black "Romero Holmes, Alfonso"]
[WhiteElo "2485"]
[BlackElo "2455"]
[Result "1-0"]
[PlyCount "53"]
[EventDate "1986.02.15"]

1. Nf3 Nf6 2. g3 g6 3. Bg2 Bg7 4. c4 O-O 5. O-O d6 6. d4 Nc6 7. Nc3 a6 8. d5
Na5 9. Nd2 c5 10. Rb1 Rb8 11. b3 b5 12. Bb2 bxc4 13. bxc4 Bh6 14. Ba1 Rb4 15.
Rxb4 cxb4 16. Nce4 Nxe4 17. Nxe4 Qb6 18. c5 dxc5 19. d6 e5 20. Bxe5 Bg7 21.
Bxg7 Kxg7 22. d7 Bb7 23. Qd6 Qd8 24. Qxc5 f5 25. Qd4+ Kg8 26. Nc5 Bxg2 27. Kxg2
1-0

[Event "X Torneo Banco di Roma A"]
[Site "Roma ITA"]
[Date "1986.02.??"]
[Round "1"]
[White "Mariotti, Sergio"]
[Black "Sosonko, Gennadi P."]
[WhiteElo "2445"]
[BlackElo "2525"]
[Result "0-1"]
[PlyCount "82"]
[EventDate "1986.02.15"]

1. d4 Nf6 2. Bg5 Ne4 3. Bf4 d5 4. Nd2 Nxd2 5. Qxd2 Bf5 6. e3 e6 7. Bd3 Bxd3 8.
Qxd3 Nd7 9. Ne2 c5 10. c3 Be7 11. h4 h5 12. e4 dxe4 13. Qxe4 Qb6 14. O-O-O Nf6
15. Qf3 O-O-O 16. Be5 Qc6 17. Qxc6+ bxc6 18. Bxf6 gxf6 19. dxc5 Bxc5 20. Rxd8+
Kxd8 21. Rf1 f5 22. b4 Bd6 23. g3 Kc7 24. Kd2 a5 25. a3 Ra8 26. Kd3 axb4 27.
axb4 Rd8 28. Ke3 Be5 29. Ra1 Kb7 30. Ra5 Bc7 31. Ra2 Bb6+ 32. Kf3 Rd3+ 33. Kg2
Bc7 34. Rc2 Be5 35. Ra2 Bd6 36. Rc2 Rd1 37. Nd4 f4 38. gxf4 Bxf4 39. Ne2 Be5
40. Ra2 Bf6 41. c4 Bxh4 0-1

[Event "X Torneo Banco di Roma A"]
[Site "Roma ITA"]
[Date "1986.02.??"]
[Round "1"]
[White "Tatai, Stefano"]
[Black "Andersson, Ulf"]
[WhiteElo "2405"]
[BlackElo "2585"]
[Result "0-1"]
[PlyCount "107"]
[EventDate "1986.02.15"]

1. d4 Nf6 2. c4 e6 3. Nf3 Bb4+ 4. Bd2 Bxd2+ 5. Qxd2 O-O 6. Nc3 d5 7. e3 Qe7 8.
Rc1 Nbd7 9. Bd3 dxc4 10. Bxc4 e5 11. dxe5 Nxe5 12. Nxe5 Qxe5 13. Be2 Bf5 14.
Nb5 c6 15. Qd4 Qb8 16. Nc3 Rd8 17. Qc5 Be6 18. Rd1 Rxd1+ 19. Bxd1 Nd7 20. Qd4
Qe5 21. Qxe5 Nxe5 22. b3 Rd8 23. Bc2 Nd3+ 24. Ke2 Nxf2 25. Rc1 Ng4 26. h3 Ne5
27. Na4 b6 28. Nb2 Kf8 29. Nd3 Nxd3 30. Bxd3 c5 31. Bc4 Ke7 32. Bxe6 Kxe6 33.
Rc4 Ke5 34. b4 Rd5 35. a4 cxb4 36. Rxb4 h5 37. g4 Kd6 38. Rf4 f6 39. h4 Ke6 40.
gxh5 Rxh5 41. Rg4 Kf7 42. Rd4 Kg6 43. Rg4+ Kh6 44. Kf3 Re5 45. Rd4 Kh7 46. Rb4
Rf5+ 47. Kg4 Re5 48. Kf4 Ra5 49. Kf3 Rc5 50. Kg3 Rc3 51. Kf3 Ra3 52. Kf2 Kh6
53. Kf3 Kh5 54. Rg4 0-1

[Event "X Torneo Banco di Roma A"]
[Site "Roma ITA"]
[Date "1986.02.??"]
[Round "2"]
[White "Andersson, Ulf"]
[Black "Mariotti, Sergio"]
[WhiteElo "2585"]
[BlackElo "2445"]
[Result "1-0"]
[PlyCount "67"]
[EventDate "1986.02.15"]

1. Nf3 g6 2. d4 Bg7 3. e4 c6 4. Be2 d5 5. Nbd2 Nf6 6. e5 Ne4 7. Nxe4 dxe4 8.
Ng5 c5 9. e6 Bxe6 10. Nxe6 fxe6 11. dxc5 Nd7 12. O-O Nxc5 13. Be3 Qc7 14. c3
O-O 15. Qc2 Be5 16. g3 Rf6 17. b4 Nd3 18. Bxd3 exd3 19. Qxd3 Qc6 20. b5 Qf3 21.
Rad1 a6 22. bxa6 bxa6 23. Qd7 Rf7 24. Qxe6 Bxc3 25. Rc1 Bf6 26. Rc4 Qf5 27.
Qxf5 gxf5 28. Rd1 Bg7 29. Kg2 Rf6 30. Rd7 Kf7 31. Rc5 Ke6 32. Rb7 Bf8 33. Bd4
Rf7 34. Ra5 1-0

[Event "X Torneo Banco di Roma A"]
[Site "Roma ITA"]
[Date "1986.02.??"]
[Round "2"]
[White "Bukal, Vladimir sr"]
[Black "Tatai, Stefano"]
[WhiteElo "2465"]
[BlackElo "2405"]
[Result "1/2-1/2"]
[PlyCount "26"]
[EventDate "1986.02.15"]

1. c4 c5 2. Nc3 g6 3. g3 Bg7 4. Bg2 Nc6 5. e3 e5 6. Nge2 Nge7 7. a3 a5 8. d3
O-O 9. O-O Rb8 10. Rb1 d6 11. Bd2 Be6 12. Nd5 b5 13. Qe1 b4 1/2-1/2

[Event "X Torneo Banco di Roma A"]
[Site "Roma ITA"]
[Date "1986.02.??"]
[Round "2"]
[White "Hernandez Onna, Roman"]
[Black "Sax, Gyula"]
[WhiteElo "2450"]
[BlackElo "2545"]
[Result "1/2-1/2"]
[PlyCount "55"]
[EventDate "1986.02.15"]

1. d4 Nf6 2. Nf3 e6 3. c4 b6 4. Nc3 Bb7 5. a3 d5 6. cxd5 Nxd5 7. e3 g6 8. Bb5+
c6 9. Be2 Bg7 10. e4 Nxc3 11. bxc3 c5 12. Qd3 Ba6 13. Qe3 Bxe2 14. Qxe2 Nc6 15.
Bg5 Qc7 16. Rd1 O-O 17. O-O Rfe8 18. Qe3 Na5 19. Bh6 Nc4 20. Qc1 Bh8 21. e5
Rac8 22. h4 cxd4 23. cxd4 Qe7 24. Qf4 Nxa3 25. Bg5 Qf8 26. Bh6 Qe7 27. Bg5 Qf8
28. Bh6 1/2-1/2

[Event "X Torneo Banco di Roma A"]
[Site "Roma ITA"]
[Date "1986.02.??"]
[Round "2"]
[White "Sosonko, Gennadi P."]
[Black "Kirov, Nino"]
[WhiteElo "2525"]
[BlackElo "2485"]
[Result "1/2-1/2"]
[PlyCount "43"]
[EventDate "1986.02.15"]

1. d4 d5 2. Nf3 c6 3. c4 Nf6 4. Nc3 dxc4 5. a4 Bf5 6. e3 e6 7. a5 Nbd7 8. Bxc4
b5 9. axb6 axb6 10. Rxa8 Qxa8 11. O-O Be7 12. Re1 O-O 13. e4 Bg4 14. h3 Bxf3
15. Qxf3 b5 16. Bb3 e5 17. dxe5 Nxe5 18. Qg3 Nfd7 19. Be3 Re8 20. Rd1 Bc5 21.
Bh6 Bf8 22. Be3 1/2-1/2

[Event "X Torneo Banco di Roma A"]
[Site "Roma ITA"]
[Date "1986.02.??"]
[Round "3"]
[White "Farago, Ivan"]
[Black "Sosonko, Gennadi P."]
[WhiteElo "2520"]
[BlackElo "2525"]
[Result "1/2-1/2"]
[PlyCount "22"]
[EventDate "1986.02.15"]

1. d4 Nf6 2. c4 e6 3. Nf3 d5 4. Nc3 Bb4 5. Bg5 h6 6. Bxf6 Qxf6 7. e3 c5 8. cxd5
exd5 9. Bb5+ Bd7 10. Bxd7+ Nxd7 11. O-O Bxc3 1/2-1/2

[Event "X Torneo Banco di Roma A"]
[Site "Roma ITA"]
[Date "1986.02.??"]
[Round "3"]
[White "Kirov, Nino"]
[Black "Andersson, Ulf"]
[WhiteElo "2485"]
[BlackElo "2585"]
[Result "1/2-1/2"]
[PlyCount "88"]
[EventDate "1986.02.15"]

1. Nf3 Nf6 2. g3 g6 3. Bg2 Bg7 4. c4 c6 5. d4 O-O 6. Nc3 d5 7. cxd5 cxd5 8. Ne5
Bf5 9. O-O Ne4 10. Bf4 Nxc3 11. bxc3 Nc6 12. Qb3 Nxe5 13. Bxe5 Bxe5 14. dxe5
Qc7 15. Qxd5 Qxc3 16. Rfc1 Qb2 17. Qxb7 Qxe5 18. Qc7 Qxc7 19. Rxc7 Rfc8 20.
Rxe7 Kf8 21. Rb7 Be6 22. a4 a5 23. Rb5 Ra7 24. Bd5 Bd7 25. Rb6 Rc5 26. e4 Bh3
27. Rc6 Rxc6 28. Bxc6 Rc7 29. Bb5 Ke7 30. Rd1 Rc3 31. Rb1 h5 32. Be2 Rc2 33.
Bd1 Rd2 34. e5 Bd7 35. Bb3 Rd4 36. Ra1 g5 37. f3 Rb4 38. Ra3 Rd4 39. Bc2 Rc4
40. Ra2 Rc3 41. Kf2 Bc6 42. Bd1 Ke6 43. Rc2 Rxc2+ 44. Bxc2 Kxe5 1/2-1/2

[Event "X Torneo Banco di Roma A"]
[Site "Roma ITA"]
[Date "1986.02.??"]
[Round "3"]
[White "Mariotti, Sergio"]
[Black "Bukal, Vladimir sr"]
[WhiteElo "2445"]
[BlackElo "2465"]
[Result "1/2-1/2"]
[PlyCount "130"]
[EventDate "1986.02.15"]

1. d4 Nf6 2. Nf3 e6 3. Bg5 c5 4. Bxf6 Qxf6 5. e3 d5 6. Ne5 Bd6 7. Bb5+ Kf8 8.
f4 cxd4 9. Ng4 Qd8 10. Qxd4 Nc6 11. Qd2 Qb6 12. Nc3 h5 13. Nf2 Bc5 14. Nfd1 Ne7
15. Bd3 Bd7 16. a3 d4 17. exd4 Bxd4 18. Ne2 Bf6 19. Ne3 Qxb2 20. O-O Qb6 21.
Rab1 Qc5 22. Rxb7 Nd5 23. Rf3 Bc6 24. Rb3 e5 25. Kf1 Nxf4 26. Nxf4 exf4 27.
Rxf4 Re8 28. Rxf6 gxf6 29. Nf5 Bd7 30. Qb4 Qxb4 31. axb4 Bxf5 32. Bxf5 Re5 33.
Bd3 Ke7 34. Ra3 Ra8 35. b5 Kd6 36. Ra6+ Kc5 37. Rxf6 Re7 38. Rf5+ Kd4 39. Rxh5
Rae8 40. Kf2 Rc7 41. Rh4+ Kc3 42. Rf4 Rd8 43. Rf5 Rh8 44. h3 Rh6 45. Kg3 f6 46.
Rf4 Rg7+ 47. Kh2 Re7 48. Kg3 Rg7+ 49. Kf3 Kd2 50. h4 Rh8 51. g3 Rh6 52. Rd4 Kc3
53. Rd8 Rh5 54. Rd6 Rh8 55. Rc6+ Kd2 56. Bf5 Rh6 57. c4 Kc3 58. c5 Rh5 59. Rxf6
Kb4 60. b6 Kxc5 61. bxa7 Rxa7 62. Kg4 Rh8 63. h5 Ra3 64. Kh4 Rxh5+ 65. Kxh5
Rxg3 1/2-1/2

[Event "X Torneo Banco di Roma A"]
[Site "Roma ITA"]
[Date "1986.02.??"]
[Round "3"]
[White "Sax, Gyula"]
[Black "Romero Holmes, Alfonso"]
[WhiteElo "2545"]
[BlackElo "2455"]
[Result "1-0"]
[PlyCount "63"]
[EventDate "1986.02.15"]

1. e4 e5 2. Nf3 Nc6 3. Bb5 f5 4. Nc3 Nd4 5. exf5 c6 6. Be2 Nf6 7. Nxe5 Qe7 8.
Nd3 d5 9. O-O Bxf5 10. Ne1 O-O-O 11. d3 Qc7 12. Be3 Nxe2+ 13. Nxe2 Bd6 14. Ng3
Bg4 15. Qd2 d4 16. Bg5 Rde8 17. h3 Nd5 18. hxg4 h6 19. Bh4 Bf4 20. Qd1 g5 21.
Nf3 gxh4 22. Nh5 Rhg8 23. Nxh4 Nf6 24. Nxf6 Qe7 25. Nh5 Qxh4 26. Nxf4 Rxg4 27.
g3 Rxf4 28. Re1 Rg8 29. Re8+ Rxe8 30. gxh4 Rg8+ 31. Kf1 Rfg4 32. Qf3 1-0

[Event "X Torneo Banco di Roma A"]
[Site "Roma ITA"]
[Date "1986.02.??"]
[Round "3"]
[White "Tatai, Stefano"]
[Black "Hernandez Onna, Roman"]
[WhiteElo "2405"]
[BlackElo "2450"]
[Result "1-0"]
[PlyCount "83"]
[EventDate "1986.02.15"]

1. d4 Nf6 2. Nf3 e6 3. c4 Bb4+ 4. Bd2 Qe7 5. g3 O-O 6. Bg2 Bxd2+ 7. Nbxd2 d6 8.
e4 e5 9. d5 a5 10. Nh4 Na6 11. O-O Nc5 12. Qc2 g6 13. b3 Nh5 14. a3 Bd7 15. b4
Na6 16. Qc3 axb4 17. axb4 c5 18. dxc6 bxc6 19. Ra5 c5 20. Qa1 Nc7 21. b5 Nf4
22. Rb1 Ne2+ 23. Kh1 Rfb8 24. Rb2 Rxa5 25. Qxa5 Qd8 26. Nf1 Nd4 27. Qa1 Na8 28.
Ne3 Nb6 29. Ra2 Be6 30. Bf1 f5 31. exf5 gxf5 32. Ra7 f4 33. Qb1 Bd7 34. Nef5
Nxf5 35. Nxf5 Qf6 36. g4 Kh8 37. Qe4 Rg8 38. f3 Bc8 39. Bd3 Bxf5 40. Qxf5 Qxf5
41. gxf5 Ra8 42. Rb7 1-0

[Event "X Torneo Banco di Roma A"]
[Site "Roma ITA"]
[Date "1986.02.??"]
[Round "4"]
[White "Andersson, Ulf"]
[Black "Farago, Ivan"]
[WhiteElo "2585"]
[BlackElo "2520"]
[Result "1/2-1/2"]
[PlyCount "41"]
[EventDate "1986.02.15"]

1. Nf3 Nf6 2. c4 c5 3. g3 d5 4. cxd5 Nxd5 5. Bg2 Nc6 6. d4 cxd4 7. Nxd4 Ndb4 8.
Nxc6 Qxd1+ 9. Kxd1 Nxc6 10. Nc3 Bd7 11. Be3 Rc8 12. Rc1 g6 13. f4 Bg7 14. Ke1
O-O 15. Kf2 Be6 16. Rhd1 Rfe8 17. Nd5 Bf5 18. Rc5 e6 19. Nc3 e5 20. Bxc6 exf4
21. gxf4 1/2-1/2

[Event "X Torneo Banco di Roma A"]
[Site "Roma ITA"]
[Date "1986.02.??"]
[Round "4"]
[White "Bukal, Vladimir sr"]
[Black "Kirov, Nino"]
[WhiteElo "2465"]
[BlackElo "2485"]
[Result "1/2-1/2"]
[PlyCount "32"]
[EventDate "1986.02.15"]

1. c4 c5 2. Nc3 g6 3. g3 Bg7 4. Bg2 Nc6 5. e3 e5 6. Nge2 Nge7 7. a3 a5 8. d3 d6
9. O-O O-O 10. b3 Rb8 11. Bb2 Be6 12. Nd5 Qd7 13. Nb6 Qd8 14. Nd5 Qd7 15. Nb6
Qd8 16. Nd5 Qd7 1/2-1/2

[Event "X Torneo Banco di Roma A"]
[Site "Roma ITA"]
[Date "1986.02.??"]
[Round "4"]
[White "Hernandez Onna, Roman"]
[Black "Romero Holmes, Alfonso"]
[WhiteElo "2450"]
[BlackElo "2455"]
[Result "1/2-1/2"]
[PlyCount "23"]
[EventDate "1986.02.15"]

1. d4 Nf6 2. c4 e6 3. Nf3 a6 4. Nc3 c5 5. e3 d5 6. a3 dxc4 7. Bxc4 b5 8. Be2
Bb7 9. dxc5 Qxd1+ 10. Bxd1 Bxc5 11. b4 Bd6 12. Bb2 1/2-1/2

[Event "X Torneo Banco di Roma A"]
[Site "Roma ITA"]
[Date "1986.02.??"]
[Round "4"]
[White "Sosonko, Gennadi P."]
[Black "Sax, Gyula"]
[WhiteElo "2525"]
[BlackElo "2545"]
[Result "1/2-1/2"]
[PlyCount "22"]
[EventDate "1986.02.15"]

1. d4 Nf6 2. c4 e6 3. Nf3 b6 4. g3 Ba6 5. Qa4 Bb7 6. Bg2 c5 7. O-O cxd4 8. Nxd4
Bxg2 9. Kxg2 Qc8 10. Nc3 Be7 11. Bg5 O-O 1/2-1/2

[Event "X Torneo Banco di Roma A"]
[Site "Roma ITA"]
[Date "1986.02.??"]
[Round "4"]
[White "Tatai, Stefano"]
[Black "Mariotti, Sergio"]
[WhiteElo "2405"]
[BlackElo "2445"]
[Result "1/2-1/2"]
[PlyCount "43"]
[EventDate "1986.02.15"]

1. d4 Nf6 2. Nf3 d6 3. c4 c6 4. Nc3 Nbd7 5. e4 e5 6. Be2 a6 7. O-O Be7 8. Rb1
O-O 9. b4 Re8 10. Qc2 exd4 11. Nxd4 c5 12. bxc5 Nxc5 13. f3 Bd7 14. Be3 Rc8 15.
Qd2 Bf8 16. Nb3 Nxb3 17. axb3 b5 18. Ra1 b4 19. Nd5 Nxd5 20. cxd5 a5 21. Rfc1
Ra8 22. Ra2 1/2-1/2

[Event "X Torneo Banco di Roma A"]
[Site "Roma ITA"]
[Date "1986.02.??"]
[Round "5"]
[White "Kirov, Nino"]
[Black "Tatai, Stefano"]
[WhiteElo "2485"]
[BlackElo "2405"]
[Result "1/2-1/2"]
[PlyCount "97"]
[EventDate "1986.02.15"]

1. g3 c5 2. Bg2 Nc6 3. Nf3 g6 4. c3 Bg7 5. d4 cxd4 6. cxd4 Qb6 7. d5 Bxb2 8.
Bxb2 Qxb2 9. Nbd2 Nd4 10. O-O Nxf3+ 11. exf3 d6 12. Nc4 Qb5 13. Qd4 f6 14. Rfe1
Kf8 15. Re3 Qc5 16. Qxc5 dxc5 17. Ra3 b5 18. Nb6 b4 19. Ra5 Rb8 20. Rxa7 Rxb6
21. Ra8 Nh6 22. Rxc8+ Kg7 23. Rxc5 Ra8 24. Re1 Ra7 25. Bf1 b3 26. a4 Rb4 27. a5
b2 28. Rb1 Ra4 29. a6 Ra1 30. Rxb2 R7xa6 31. Rc7 Ra7 32. Rbb7 Rxb7 33. Rxb7 Kf8
34. d6 exd6 35. Rxh7 Nf7 36. Kg2 Rd1 37. Rh4 d5 38. Ra4 Rd2 39. Bb5 Ne5 40. h3
Rb2 41. Bf1 Nd7 42. h4 Ke7 43. g4 Ne5 44. Rd4 Kd6 45. Rf4 Ke7 46. Kg3 Rb1 47.
Kg2 Rb2 48. Ba6 Rb6 49. Bf1 1/2-1/2

[Event "X Torneo Banco di Roma A"]
[Site "Roma ITA"]
[Date "1986.02.??"]
[Round "5"]
[White "Mariotti, Sergio"]
[Black "Hernandez Onna, Roman"]
[WhiteElo "2445"]
[BlackElo "2450"]
[Result "1/2-1/2"]
[PlyCount "56"]
[EventDate "1986.02.15"]

1. e4 e5 2. Nf3 Nc6 3. Bc4 Nf6 4. d3 Be7 5. Nbd2 O-O 6. c3 d6 7. Bb3 Na5 8. Bc2
c5 9. h3 b5 10. Nf1 Bb7 11. Ng3 d5 12. Qe2 Re8 13. O-O Bf8 14. Rd1 h6 15. Nf5
Qb6 16. Nh2 Rad8 17. Ng4 dxe4 18. dxe4 Rxd1+ 19. Bxd1 Nxe4 20. Bc2 Ng5 21. Bxg5
hxg5 22. Qe3 f6 23. Qd3 e4 24. Qg3 Qe6 25. Qc7 Qb6 26. Qxb6 axb6 27. Rd1 Bc6
28. Nge3 c4 1/2-1/2

[Event "X Torneo Banco di Roma A"]
[Site "Roma ITA"]
[Date "1986.02.??"]
[Round "5"]
[White "Romero Holmes, Alfonso"]
[Black "Sosonko, Gennadi P."]
[WhiteElo "2455"]
[BlackElo "2525"]
[Result "1/2-1/2"]
[PlyCount "104"]
[EventDate "1986.02.15"]

1. e4 c5 2. Nf3 Nc6 3. d4 cxd4 4. Nxd4 Nf6 5. Nc3 d6 6. Bg5 e6 7. Qd2 Be7 8.
O-O-O Nxd4 9. Qxd4 O-O 10. Qd2 a6 11. Qe1 b5 12. e5 Ne8 13. Bxe7 Qxe7 14. exd6
Nxd6 15. Qe5 Rd8 16. Nd5 Qf8 17. Nb6 Rb8 18. Nxc8 Rbxc8 19. Bd3 Qe7 20. Rhe1
Qa7 21. Qf4 Qe7 22. Re5 h6 23. Re3 Nc4 24. Rg3 Kh8 25. Rh3 f5 26. Bxc4 Rxd1+
27. Kxd1 Rxc4 28. Qe5 Kh7 29. Re3 Qd7+ 30. Rd3 Qe7 31. Re3 Qd7+ 32. Rd3 Qc6 33.
Rg3 Rg4 34. Rxg4 fxg4 35. g3 Qf3+ 36. Ke1 Qh1+ 37. Kd2 Qxh2 38. Qe4+ Kh8 39.
Ke2 Qg1 40. Qa8+ Kh7 41. Qe4+ Kh8 42. Qa8+ Kh7 43. Qxa6 Qc1 44. Qxb5 Qxc2+ 45.
Kf1 Qb1+ 46. Kg2 Qxa2 47. b4 Qa8+ 48. Kg1 Qe4 49. Qc5 g5 50. b5 Kg6 51. Qc6
Qe1+ 52. Kg2 h5 1/2-1/2

[Event "X Torneo Banco di Roma A"]
[Site "Roma ITA"]
[Date "1986.02.??"]
[Round "5"]
[White "Sax, Gyula"]
[Black "Andersson, Ulf"]
[WhiteElo "2545"]
[BlackElo "2585"]
[Result "1/2-1/2"]
[PlyCount "33"]
[EventDate "1986.02.15"]

1. e4 e6 2. d4 d5 3. Nc3 Nf6 4. Bg5 dxe4 5. Nxe4 Be7 6. Bxf6 gxf6 7. Nf3 f5 8.
Ng3 c5 9. c3 a6 10. d5 exd5 11. Bd3 f4 12. Qa4+ Nc6 13. Qxf4 Bd6 14. Qh6 Be6
15. Nf5 Bf8 16. Qf4 Qd7 17. O-O-O 1/2-1/2

[Event "X Torneo Banco di Roma A"]
[Site "Roma ITA"]
[Date "1986.02.??"]
[Round "6"]
[White "Andersson, Ulf"]
[Black "Romero Holmes, Alfonso"]
[WhiteElo "2585"]
[BlackElo "2455"]
[Result "1-0"]
[PlyCount "79"]
[EventDate "1986.02.15"]

1. Nf3 Nf6 2. c4 g6 3. g3 Bg7 4. Bg2 O-O 5. O-O d6 6. Nc3 Nc6 7. d3 e5 8. Rb1
a5 9. a3 Nd4 10. b4 axb4 11. axb4 Bg4 12. Nxd4 exd4 13. Nb5 Ra2 14. Bb2 c6 15.
Na3 Qa8 16. Qb3 Rxa3 17. Bxa3 Bxe2 18. Rfe1 Bg4 19. Ra1 Qb8 20. b5 c5 21. Bc1
Nd7 22. f4 Qc7 23. Ra7 Rb8 24. Bd2 Qc8 25. h3 Be6 26. Qd1 Nf6 27. g4 d5 28. f5
Bd7 29. g5 Nh5 30. Bxd5 Bxf5 31. Re7 Bxd3 32. Qf3 Bf5 33. Bxf7+ Kh8 34. Raxb7
Rxb7 35. Qxb7 Qxb7 36. Rxb7 Be5 37. Re7 Bd6 38. Re8+ Kg7 39. Bd5 Nf4 40. Rg8#
1-0

[Event "X Torneo Banco di Roma A"]
[Site "Roma ITA"]
[Date "1986.02.??"]
[Round "6"]
[White "Bukal, Vladimir sr"]
[Black "Sax, Gyula"]
[WhiteElo "2465"]
[BlackElo "2545"]
[Result "1/2-1/2"]
[PlyCount "24"]
[EventDate "1986.02.15"]

1. c4 e5 2. Nc3 Nf6 3. Nf3 Nc6 4. e4 Bb4 5. d3 d6 6. g3 Bg4 7. h3 Bxf3 8. Qxf3
a6 9. Bg2 b5 10. O-O Bxc3 11. bxc3 bxc4 12. dxc4 Nb8 1/2-1/2

[Event "X Torneo Banco di Roma A"]
[Site "Roma ITA"]
[Date "1986.02.??"]
[Round "6"]
[White "Hernandez Onna, Roman"]
[Black "Sosonko, Gennadi P."]
[WhiteElo "2450"]
[BlackElo "2525"]
[Result "1/2-1/2"]
[PlyCount "32"]
[EventDate "1986.02.15"]

1. d4 Nf6 2. Nf3 e6 3. c4 d5 4. Nc3 Bb4 5. cxd5 exd5 6. Bg5 Nbd7 7. e3 c5 8.
Bd3 c4 9. Bf5 Qa5 10. Qc2 O-O 11. O-O Re8 12. Nd2 b6 13. Bh3 Bxc3 14. bxc3 Ne4
15. Nxe4 dxe4 16. Bxd7 Bxd7 1/2-1/2

[Event "X Torneo Banco di Roma A"]
[Site "Roma ITA"]
[Date "1986.02.??"]
[Round "6"]
[White "Mariotti, Sergio"]
[Black "Kirov, Nino"]
[WhiteElo "2445"]
[BlackElo "2485"]
[Result "0-1"]
[PlyCount "80"]
[EventDate "1986.02.15"]

1. e4 c5 2. Nf3 e6 3. d4 cxd4 4. Nxd4 Nc6 5. Nc3 a6 6. Be3 Qc7 7. Nb3 Nf6 8. a3
b5 9. f4 b4 10. axb4 Bxb4 11. Bd3 d5 12. e5 d4 13. Nxd4 Nd5 14. Qd2 Nxe3 15.
Qxe3 Bb7 16. Nde2 Ne7 17. Qg3 Qb6 18. O-O-O O-O 19. Ne4 Qa5 20. c3 Bxe4 21.
Bxe4 Rab8 22. Bb1 Rfc8 23. Kd2 Nd5 24. Ke1 Bxc3+ 25. bxc3 Nxc3 26. Kf2 Rxb1 27.
Nxc3 Rb3 28. Rd3 Rcxc3 29. Rhd1 Rxd3 30. Rxd3 Qc5+ 31. Qe3 Qxe3+ 32. Kxe3 Rxd3+
33. Kxd3 f5 34. exf6 gxf6 35. Kd4 Kf7 36. g4 Kg6 37. Kc5 h6 38. h4 Kg7 39. Kd6
Kf7 40. Kc6 Ke7 0-1

[Event "X Torneo Banco di Roma A"]
[Site "Roma ITA"]
[Date "1986.02.??"]
[Round "6"]
[White "Tatai, Stefano"]
[Black "Farago, Ivan"]
[WhiteElo "2405"]
[BlackElo "2520"]
[Result "1/2-1/2"]
[PlyCount "22"]
[EventDate "1986.02.15"]

1. d4 Nf6 2. c4 e6 3. Nf3 b6 4. g3 Bb7 5. Bg2 Be7 6. O-O O-O 7. Nc3 Ne4 8. Nxe4
Bxe4 9. Ne1 Bxg2 10. Nxg2 d5 11. cxd5 Qxd5 1/2-1/2

[Event "X Torneo Banco di Roma A"]
[Site "Roma ITA"]
[Date "1986.02.??"]
[Round "7"]
[White "Farago, Ivan"]
[Black "Mariotti, Sergio"]
[WhiteElo "2520"]
[BlackElo "2445"]
[Result "0-1"]
[PlyCount "82"]
[EventDate "1986.02.15"]

1. d4 e6 2. c4 Bb4+ 3. Bd2 Qe7 4. Nf3 f5 5. g3 Nf6 6. Bg2 O-O 7. O-O Bxd2 8.
Nbxd2 d6 9. Re1 e5 10. e4 f4 11. dxe5 dxe5 12. gxf4 Nh5 13. f5 Nf4 14. Nf1 Nd7
15. Ne3 c6 16. Qc2 Nf6 17. Rad1 Bd7 18. c5 Be8 19. Qc3 Bh5 20. Nc4 Qxc5 21.
Ncxe5 Qxc3 22. bxc3 Rfe8 23. Bh1 Bxf3 24. Nxf3 Nxe4 25. Rd7 Nc5 26. Rde7 Rxe7
27. Rxe7 Nd5 28. Re1 Nxc3 29. a3 Rd8 30. Kg2 Kf7 31. Ne5+ Kf6 32. Kg3 Kxf5 33.
Nc4 Rd3+ 34. Bf3 Kf6 35. Re8 N3e4+ 36. Kg2 Nd6 37. Nxd6 Rxd6 38. Bg4 g6 39.
Rf8+ Kg7 40. Ra8 Rd4 41. Bc8 Ra4 0-1

[Event "X Torneo Banco di Roma A"]
[Site "Roma ITA"]
[Date "1986.02.??"]
[Round "7"]
[White "Kirov, Nino"]
[Black "Hernandez Onna, Roman"]
[WhiteElo "2485"]
[BlackElo "2450"]
[Result "1/2-1/2"]
[PlyCount "24"]
[EventDate "1986.02.15"]

1. Nf3 c5 2. g3 g6 3. c3 Bg7 4. d4 cxd4 5. cxd4 Nf6 6. Nc3 d5 7. Bg2 O-O 8. Ne5
Nbd7 9. O-O e6 10. Nd3 b6 11. a4 Bb7 12. Nb5 Ne4 1/2-1/2

[Event "X Torneo Banco di Roma A"]
[Site "Roma ITA"]
[Date "1986.02.??"]
[Round "7"]
[White "Romero Holmes, Alfonso"]
[Black "Bukal, Vladimir sr"]
[WhiteElo "2455"]
[BlackElo "2465"]
[Result "1-0"]
[PlyCount "109"]
[EventDate "1986.02.15"]

1. e4 e6 2. d4 d5 3. e5 c5 4. c3 Nc6 5. Nf3 Nge7 6. Na3 cxd4 7. cxd4 Nf5 8. Nc2
Bd7 9. Bd3 Nb4 10. Nxb4 Bxb4+ 11. Bd2 Bxd2+ 12. Qxd2 Qb6 13. Bxf5 exf5 14. O-O
O-O 15. Rfc1 Rfc8 16. b3 h6 17. h3 a5 18. Rxc8+ Rxc8 19. Rc1 Rxc1+ 20. Qxc1 Qa6
21. Qc2 g5 22. h4 g4 23. Nh2 f4 24. Qd2 a4 25. bxa4 Qxa4 26. e6 Bxe6 27. Qxf4
Qd1+ 28. Nf1 Kh7 29. Qd2 Qb1 30. a3 Kg7 31. Qe2 Qb3 32. Qe5+ Kg6 33. Ng3 Qxa3
34. Nh5 Qa2 35. Nf4+ Kh7 36. Nh5 Qb1+ 37. Kh2 Kg6 38. Nf4+ Kh7 39. Nh5 Kg6 40.
Nf4+ Kh7 41. Nxe6 fxe6 42. Qxe6 g3+ 43. fxg3 Qe4 44. Qd7+ Kg6 45. Qd6+ Kg7 46.
Qc7+ Kg6 47. Qb6+ Kf5 48. Qxb7 Qxd4 49. Qh7+ Ke5 50. Qe7+ Kf5 51. Qh7+ Ke5 52.
Qxh6 Qd3 53. h5 d4 54. Qg7+ Ke6 55. h6 1-0

[Event "X Torneo Banco di Roma A"]
[Site "Roma ITA"]
[Date "1986.02.??"]
[Round "7"]
[White "Sax, Gyula"]
[Black "Tatai, Stefano"]
[WhiteElo "2545"]
[BlackElo "2405"]
[Result "1-0"]
[PlyCount "47"]
[EventDate "1986.02.15"]

1. e4 c5 2. Nf3 g6 3. d4 cxd4 4. Qxd4 Nf6 5. Bb5 Nc6 6. Bxc6 bxc6 7. e5 Nd5 8.
O-O Bg7 9. Qh4 f6 10. c4 Nc7 11. Bh6 O-O 12. Bxg7 Kxg7 13. Nc3 Ne6 14. Rad1
fxe5 15. Nxe5 Rf4 16. Qg3 Qc7 17. Rfe1 d6 18. Nxg6 hxg6 19. Rxe6 Bxe6 20. Qxf4
Rf8 21. Qd4+ Kg8 22. Re1 Bf7 23. Qh4 e5 24. Ne4 1-0

[Event "X Torneo Banco di Roma A"]
[Site "Roma ITA"]
[Date "1986.02.??"]
[Round "7"]
[White "Sosonko, Gennadi P."]
[Black "Andersson, Ulf"]
[WhiteElo "2525"]
[BlackElo "2585"]
[Result "1/2-1/2"]
[PlyCount "31"]
[EventDate "1986.02.15"]

1. Nf3 c5 2. c4 Nf6 3. Nc3 g6 4. g3 b6 5. Bg2 Bb7 6. b3 Bg7 7. Bb2 O-O 8. O-O
d5 9. Nxd5 Nxd5 10. Bxg7 Kxg7 11. cxd5 Qxd5 12. d4 Na6 13. dxc5 Nxc5 14. Qxd5
Bxd5 15. Nd4 Bxg2 16. Kxg2 1/2-1/2

[Event "X Torneo Banco di Roma A"]
[Site "Roma ITA"]
[Date "1986.02.??"]
[Round "8"]
[White "Bukal, Vladimir sr"]
[Black "Sosonko, Gennadi P."]
[WhiteElo "2465"]
[BlackElo "2525"]
[Result "1/2-1/2"]
[PlyCount "73"]
[EventDate "1986.02.15"]

1. Nf3 Nf6 2. g3 c5 3. Bg2 Nc6 4. O-O d5 5. d4 Bg4 6. Ne5 cxd4 7. Nxg4 Nxg4 8.
e3 Nf6 9. exd4 e6 10. c3 Bd6 11. Nd2 O-O 12. Re1 Qc7 13. Nf3 b5 14. Qd3 Rab8
15. Be3 Na5 16. Rac1 Nc4 17. b3 Nxe3 18. Qxe3 Rfc8 19. Ne5 Bxe5 20. dxe5 Nd7
21. Bf1 Rb6 22. Bd3 a6 23. Re2 Rc6 24. Kg2 Qb6 25. Qxb6 Nxb6 26. Rec2 Nd7 27.
f4 Nc5 28. Be2 Kf8 29. Kf3 f6 30. Ke3 fxe5 31. fxe5 Ke7 32. Kd4 R6c7 33. Bd3 h6
34. Rf1 Nxd3 35. Kxd3 b4 36. Rfc1 bxc3 37. Rxc3 1/2-1/2